000 00693nam a2200229Ia 4500
003 OSt
005 20220925192926.0
006 a|||||r|||| 00| 0
007 ta
008 220923b |||||||| |||| 00| 0 eng d
037 _cGeneral Book
040 _aRTL
_cRTL
_beng
041 _2eng
_aeng
082 _aX93.2.N6, K8
100 _aGanguly Mira
245 0 _aNature and control of public corporation in India
260 _aCalcutta
_bProgressive Publishers India
_c1968
300 _axiii, 288p. Bibliography p.275-83; Appendix p.257-74
_ccm.
650 _aPublic Sector Economics
942 _hX93.2.N6, K8
_cGB
_2CC
999 _c523926
_d523926